| 000 | 02170nam a2200301Ia 4500 | ||
|---|---|---|---|
| 999 |
_c4908 _d4908 |
||
| 003 | OSt | ||
| 005 | 20200325121220.0 | ||
| 008 | 191128s2012 ck fr 000 0dspa d | ||
| 020 | _a9789587108491 | ||
| 040 |
_aCO-JMCR _cCO-JMCR |
||
| 041 | 0 | _aspa | |
| 082 | 0 | 4 |
_a004.36 / _bP349a |
| 100 | 1 |
_aPeña Valenzuela, Daniel, _eautor _91666 |
|
| 245 | 1 | 0 |
_aAspectos legales de la computación en la nube / _cDaniel Peña Valenzuela, Juan David Bazzani Montoya |
| 250 | _aPrimera edición | ||
| 260 |
_aBogotá : _bUniversidad Externado de Colombia, _c2012. |
||
| 300 |
_a121 páginas ; _c21 cm. |
||
| 500 | _aIncluye datos biográficos de los autores. | ||
| 500 | _aIncluye notas a pie de página. | ||
| 504 | _aBibliografía: páginas 119-121. | ||
| 505 | 0 | _a¿Qué es la computación en nube? -- La computación en la nube desde una perspectiva legal -- Problemas jurídicos específicos de la computación en la nube -- Tendencias presentes y futuras de la computación en la nube | |
| 520 | _aSomos conscientes de la forma en la que la tecnología evoluciona. Hoy por hoy, el avance de los sistemas de infomación presenta una serie de posibilidades que antes era imposible de imaiginar. Así ha ocurrido con la computación en la nube, pues se ha convertido en el paradigma actual de la forma en que se interactúa con los diferentes servicios de internet, hasta el punto que el sector empresarial de medios electrónicos que trabajan en la producción de software y hardware ha cambiado sus modelos de mercado basándolos en sistemas que operan a partir de modelos de computación en la nube. De allí la enorme tarea que tiene el Derecho para análizar estos temas y diseñar una regulación acorde con el avance continuo y revolucionario de la tecnología. Es esa, precisamente, la razón por la cual este texto se hace relevante para un interesado en la computación en la nube. | ||
| 650 | 1 | 4 |
_aAspectos jurídicos _xcomputación en la nube _91667 |
| 650 | 1 | 4 |
_aInternet _xlegislación _zColombia _91668 |
| 650 | 1 | 4 |
_aComercio electrónico _xlegislación _zColombia _91669 |
| 700 | 1 |
_aBazzani Montoya, Juan David, _eautor _91670 |
|
| 942 |
_2ddc _cBK |
||